Willow (Lyrics)- Taylor Swift - Statistics

General Stats
  • This quiz has been taken 15 times
  • The average score is 336 of 383
Answer Stats
Answer % Correct
a
100%
an
100%
I
100%
I'm
100%
it
100%
my
100%
that
100%
the
100%
The
100%
through
100%
was
100%
when
100%
willow
100%
win
100%
wind
100%
And
92%
and
92%
bent
92%
cut
92%
for
92%
hand
92%
if
92%
in
92%
knife
92%
know
92%
less
92%
Life
92%
like
92%
Like
92%
man
92%
more
92%
night
92%
plans
92%
right
92%
rolled
92%
say
92%
ship
92%
take
92%
that's
92%
That's
92%
to
92%
water
92%
Wreck
92%
wreck
92%
you
92%
You
92%
your
92%
begging
85%
but
85%
But
85%
could
85%
dark
85%
face
85%
follow
85%
is
85%
look
85%
on
85%
priceless
85%
ring
85%
stray
85%
surface
85%
where
85%
wine
85%
'90s
77%
after
77%
again
77%
back
77%
case
77%
champion
77%
come
77%
else
77%
from
77%
hollow
77%
home
77%
known
77%
me
77%
meet
77%
never
77%
or
77%
prize
77%
Rough
77%
time
77%
trend
77%
Wait
77%
were
77%
Wherever
77%
would've
77%
Anywhere
69%
art
69%
Every
69%
feel
69%
I'd
69%
mythical
69%
of
69%
one
69%
open-shut
69%
scars
69%
signal
69%
stronger
69%
than
69%
there
69%
thing
69%
train
69%
trophy
69%
work
69%
Yeah
69%
cheat
62%
current
62%
gave
62%
I'll
62%
Lost
62%
others
62%
out
62%
places
62%
should've
62%
Show
62%
count
54%
Head
54%
pillow
54%
As
46%
bait
46%
guess
46%
Hey
46%
sneakin'
46%
switch
46%
Now
38%
They
38%
this
38%
No matching quizzes found
Score Distribution
Percent of People with Each Score
Percentile by Number Answered
Your Score History
You have not taken this quiz